Datum a čas kvízu
31
Celkem bodů
Celkový počet nahraných bodů na tomto kvízu bez doplňovacích otázek.
6.
Pořadí na kvízu
Konečné umístění týmu na tomto kvízu.
Zaznamenané odpovědi
| # | Otázka | Odpověď | Body | Výsledky |
|---|---|---|---|---|
| 1. | Městský soud v Praze vyhlásil... | Firo-tour | 1 | |
| 2. | Jistá arabská země minulý týde... | Spojené arabské emiráty | 0 | |
| 3. | Minulý týden vstoupil do český... | Tenet | 1 | |
| 4. | Ve čtvrtek nabízela jedna spol... | Huawei | 1 | |
| 5. | V sobotu začal nejslavnější cy... | Nice | 1 | |
| 6. | V tomto tématu se podíváme na... | (druhá) punská válka | 1 | |
| 7. | V roce 1805 se odehrála bitva... | Cádiz | 0 | |
| 8. | Jak se jmenoval americký gener... | Robert Edward Lee | 1 | |
| 9. | Německo poprvé ve velkém měřít... | Ypry / Ypres | 1 | |
| 10. | Cílem této vojenské operace v... | Ofenzíva Tet | 0 |